000
00307nam a22001337a 4500
008
170911b xxu||||| |||| 00| 0 eng d
020
_a
9780323072076
041
_a
eng
080
_2
3 ED
_a
53
100
_a
43
101
_a
FIZ
245
_a
MECHANICAL VENTILATION PHYSIC
_c
CAIRO,J.M
942
_2
udc
_c
BK
999
_c
27181
_d
27181